Central Library OPAC University of Rajshahi

Lycidas and Comus / (Record no. 19323)

MARC details
000 -LEADER
fixed length control field 00793nam a22002417a 4500
001 - CONTROL NUMBER
control field 19323
003 - CONTROL NUMBER IDENTIFIER
rucl marc code BD-RjUL
005 - DATE AND TIME OF LATEST TRANSACTION
control field 20211209000421.0
008 - FIXED-LENGTH DATA ELEMENTS--GENERAL INFORMATION
fixed length control field 140224r19581899nyu | 6 001 0 eng d
035 ## - SYSTEM CONTROL NUMBER
System control number (BD-RjUL)19382
040 ## - CATALOGING SOURCE
Original cataloging agency BD-RjUL
Language of cataloging eng
Transcribing agency BD-RjUL
041 ## - LANGUAGE CODE
Language code of text/sound track or separate title eng
082 ## - DEWEY DECIMAL CLASSIFICATION NUMBER
Classification number 821.4
Author mark and year MIL 1958
100 1# - MAIN ENTRY--PERSONAL NAME
Personal name Milton, John.
9 (RLIN) 59427
245 ## - TITLE STATEMENT
Title Lycidas and Comus /
Statement of responsibility, etc. by John Milton, with introduction and notes by W. Bell
260 ## - PUBLICATION, DISTRIBUTION, ETC. (IMPRINT)
Place of publication, distribution, etc. London ;
-- New York :
Name of publisher, distributor, etc. Macmillan,
Date of publication, distribution, etc. [Reprinted 1958].
300 ## - PHYSICAL DESCRIPTION
Pagination 117 p. ;
Size 18 cm.
490 1# - SERIES STATEMENT
Series statement Macmillan's English classics; Macmillan's English classics
504 ## - BIBLIOGRAPHY, ETC. NOTE
Bibliography, etc Includes bibliographical references and index.
650 #0 - SUBJECT ADDED ENTRY--TOPICAL TERM
Topical term or geographic name as entry element Milton, John,
Form subdivision 1608-1674 --Study and teaching.
9 (RLIN) 59428
700 1# - ADDED ENTRY--PERSONAL NAME
Personal name Bell, W.
942 ## - ADDED ENTRY ELEMENTS (KOHA)
Source of classification or shelving scheme Dewey Decimal Classification
Koha item type Books
Holdings
Lost status Source of classification or shelving scheme Damaged status Not for loan Collection code Permanent Location Current Location Shelving location Date acquired Source of acquisition Cost, normal purchase price Total Checkouts Full call number Date last seen Copy number Koha item type
  Dewey Decimal Classification   Not For Loan Fiction Central Library, University of Rajshahi Central Library, University of Rajshahi Reading Room 17/02/1965 Zetlinger 6.60   821.4 MIL 1958 24/02/2014 C-1 Books